Geographic Groups of Three #3 - Statistics

General Stats
  • This quiz has been taken 983 times
  • The average score is 25 of 36
Answer Stats
Clue % Correct
Countries with an island larger than 500,000km/190,000mi Canada
93%
Countries in North America but not in Central America Canada
93%
Countries starting with 'J' Japan
93%
Countries in North America but not in Central America United States of America
93%
Countries starting with 'J' Jamaica
89%
Countries in North America but not in Central America Mexico
89%
Oceans Russia border Pacific
88%
Countries starting with 'J' Jordan
87%
Oceans Russia border Atlantic
85%
Countries surrounded by other countries Lesotho
85%
Countries surrounded by other countries Vatican City
85%
Countries starting with 'An' Andorra
84%
Countries surrounded by other countries San Marino
82%
Oceans Russia border Arctic
80%
Countries that merged* after being East + West or North + South Germany
79%
Countries starting with 'An' Angola
77%
Countries ending with 'lands' Netherlands
75%
Countries primarily between the Black Sea and Caspian Sea Azerbaijan
74%
Countries primarily between the Black Sea and Caspian Sea Georgia
74%
Countries primarily between the Black Sea and Caspian Sea Armenia
72%
Countries with an island larger than 500,000km/190,000mi Denmark
71%
Countries starting with 'An' Antigua and Barbuda
67%
Capital cities with 'Port' and '-' in them Port-au-Prince
65%
Countries containing but not starting with 'Q' Mozambique
60%
Islands over 75,000km/30,000mi that are shared by multiple countries Borneo
57%
Countries containing but not starting with 'Q' Iraq
55%
Countries with an island larger than 500,000km/190,000mi Madagascar
52%
Capital cities with 'Port' and '-' in them Port-of-Spain
50%
Countries that merged* after being East + West or North + South Vietnam
50%
Countries containing but not starting with 'Q' Equatorial Guinea
43%
Countries ending with 'lands' Marshall Islands
43%
Islands over 75,000km/30,000mi that are shared by multiple countries New Guinea
43%
Countries ending with 'lands' Solomon Islands
43%
Islands over 75,000km/30,000mi that are shared by multiple countries Ireland
39%
Countries that merged* after being East + West or North + South Yemen
29%
Capital cities with 'Port' and '-' in them Porto-Novo
25%
No matching quizzes found
Score Distribution
Percent of People with Each Score
Percentile by Number Answered
Your Score History
You have not taken this quiz